| 000 -ლიდერი |
| ფიქსირებული სიგრძის საკონტროლო ველი |
01077nam a2200241Ia 4500 |
| 001 - საკონტროლო ნომერი |
| საკონტროლო ველი |
581 |
| 003 - საკონტროლო ნომრის იდენტიფიკატორი |
| საკონტროლო ველი |
GE_BSU |
| 005 - ბოლო ოპერაციის თარიღი და დრო |
| საკონტროლო ველი |
20190507172146.0 |
| 008 - ფიქსირებული სიგრძის მონაცემთა ელემენტები - ზოგადი ინფორმაცია |
| ფიქსირებული სიგრძის საკონტროლო ველი |
181216s2004||||ge |||||||||||||| ||geo|| |
| 020 ## - წიგნის საერთაშორისო სტანდარტული ნომერი |
| International Standard Book Number |
99928-0-764-4 |
| 040 ## - კატალოგიზაციის წყარო |
| Transcribing agency |
GE_BSU |
| 041 ## - ენის კოდი |
| Language code of text/sound track or separate title |
geo |
| 080 ## - უნივერსალური ათობითი კლასიფიკაციის ინდექსი |
| Universal Decimal Classification number |
796.5(075.8) მ-59 |
| 100 ## - მთავარი ჩანაწერი - პიროვნების სახელი |
| Personal name |
მეტრეველი, მარინა |
| 9 (RLIN) |
834 |
| 245 ## - ცნობა სათაურის შესახებ |
| Title |
ტურიზმი და გარემოს დაცვა = Tourism and environment : |
| Statement of responsibility, etc |
მარინა მეტრეველი. [რედ. : დ. ონოფრიშვილი]. |
| Remainder of title |
(ეკოტურიზმის საფუძვლები) / |
| 264 ## - წარმოების, გამოცემის, დისტრიბუციის და სხვა ცნობები |
| გამოცემის, წარმოების, დისტრიბუციის... ადგილი |
თბილისი : |
| გამოცემის, წარმოების, დისტრიბუციის... თარიღი |
შპს "ფორმა" |
| გამოცემის, წარმოების, დისტრიბუციის... სახელწოდება |
2004. |
| 300 ## - ფიზიკური აღწერა |
| Extent |
204 გვ ; |
| Dimensions |
22 სმ. |
| 504 ## - BIBLIOGRAPHY, ETC. NOTE |
| Bibliography, etc |
ბიბლიოგრ. : 193-199 გვ. |
| 653 ## - INDEX TERM--UNCONTROLLED |
| Uncontrolled term |
ეკოტურიზმი |
| 653 ## - INDEX TERM--UNCONTROLLED |
| Uncontrolled term |
ბუნების დაცვა საქართველოში |
| 700 ## - ADDED ENTRY--PERSONAL NAME |
| Personal name |
ონოფრიშვილი, დავით |
| Relator term |
რედაქტორი |
| 9 (RLIN) |
835 |
| 942 ## - ADDED ENTRY ELEMENTS (KOHA) |
| Koha item type |
წიგნი |
| Source of classification or shelving scheme |
|